000
00263nam a2200133Ia 4500
100
_a
Holman/ J.P
942
_c
BK
654
_a
Heat
245
_a
Heat transfer
260
_b
Mc Graw Hill
_a
New York
_c
1992
300
_a
733
546
_a
ENGLISH
999
_c
34736
_d
34736